000 00348nam a2200145Ia 4500
008 230917s9999||||xx |||||||||||||| ||und||
040 _e24186
_aMAIN
041 _aEnglish
082 _a153.7 R59I
100 _aRock, Irwin
245 0 _aIntroduction to perception
260 _aNew York
_bMacMillan
_c1975
300 _axii,580 p.
942 _cBK
999 _c231395
_d231395